000 02738nam a22002657a 4500
005 20260512170143.0
008 260512s2026 xxk||||| |||| 00| 0 eng |
020 _a9781783215683
041 _aeng
110 _aRoyal Institution of Chartered Surveyors
245 _aSecured lending valuation of properties in multi-storey, multi occupancy residential buildings with cladding
_bRICS Professional Standard, UK,
_cEffective from 1 November 2026
_h[Electronic]
250 _a2nd
260 _aLondon,
_cMay 2026,
_bRoyal Institution of Chartered Surveyors
300 _a16p
490 _aRICS Professional Standard
520 _aThis standard been produced to help valuers understand when an EWS1 form should be required due to visible cladding. Whilst specifically targeted at UK valuers, the guidance will be useful for all stakeholders involved in the buying and selling of residential properties with cladding. The development of this standard was supported with input from our expert group, comprised of industry professionals such as representatives from MHCLG; lenders such as Nationwide, Barclays and HSBC and; valuers from firms such as SDL Surveying, L&G Survey, Countrywide and e.surv. The second edition of this professional standard will also provide valuers with the proportionate criteria for identifying buildings where remediation work to cladding for fire safety purposes is likely to be required. It reflects the latest government legislation and best practice, as well as updates to RICS valuation standards: RICS Valuation – Global Standards: UK national supplement and RICS Valuation – Global Standards (Red Book Global Standards). As fire safety and robust valuation advice are critical public interest matters, this second edition will help ensure exceptional standards and professionalism amongst RICS members and valuers. Please note, this standard is not intended to be, nor should it ever be used as, a substitute for or part of a professional life safety fire risk assessment of any building. The EWS1 form is not a safety certificate and the fact that an EWS1 form is not required for a particular building does not mean that the building may not require some form of remediation in the future.
520 _aEffective from 1 November 2026, supersedes 1st edition ISBN 9781783214143
650 _aCLADDING
651 _aUnited Kingdom
690 _96308
_aCladding
690 _96225
_aBuilding surveying
700 _aMead, Rob
856 _uhttps://www.rics.org/content/dam/ricsglobal/documents/standards/Secured-lending-valuation-of-properties-in-multi-storey-multi-occupancy-residential-buildings-with-cladding_2nd-edition.pdf
_zAvailable on RICS.org
942 _n0
999 _c122349
_d122349